| 000 | 00536nam a22001577a 4500 | ||
|---|---|---|---|
| 999 |
_c478637 _d478637 |
||
| 003 | NUST | ||
| 005 | 20180621111451.0 | ||
| 008 | 180620b ||||| |||| 00| 0 eng d | ||
| 038 | _a0 | ||
| 082 | _a301.32954 | ||
| 100 | _4Population Association of Pakistan | ||
| 245 |
_aSharing Population and development Research across South and West Asia _bfifth annual research conference proceedings 14-16 December 2004, Karachi, Pakistan |
||
| 260 |
_aIslamabad _bPopulation Association of Pakistan _c2005 |
||
| 300 | _a705p | ||
| 942 |
_2ddc _cBK |
||